Les observations meridiennes (Record no. 35072)

MARC details
000 -LEADER
campo de control de longitud fija 00555nam a2200193 i 4500
001 - NÚMERO DE CONTROL
campo de control 35072
003 - IDENTIFICADOR DE NÚMERO DE CONTROL
campo de control ES-MaACL
005 - FECHA Y HORA DE LA ÚLTIMA TRANSACCIÓN
campo de control 20230906155041.0
007 - CAMPO FIJO DE DESCRIPCIÓN FÍSICA--INFORMACIÓN GENERAL
campo de control de longitud fija t|
008 - DATOS DE LONGITUD FIJA--INFORMACIÓN GENERAL
campo de control de longitud fija 030211s1909 fr ||||1| fre d
100 1# - ENTRADA PRINCIPAL--NOMBRE DE PERSONA
Nombre de persona Boquet, F.
9 (RLIN) 30343
245 14 - MENCIÓN DEL TÍTULO
Título Les observations meridiennes
Resto del título : theory et pratique /
Mención de responsabilidad, etc. F. Boquet.
260 ## - PUBLICACIÓN, DISTRIBUCIÓN, ETC.
Lugar de publicación, distribución, etc. [S.l. :
Nombre del editor, distribuidor, etc. s.n.,
Fecha de publicación, distribución, etc. 1909] (
Lugar de fabricación/manufactura Tours :
Fabricante Mame)
300 ## - DESCRIPCIÓN FÍSICA
Extensión 2 v. ;
Dimensiones 18 cm.
490 1# - MENCIÓN DE SERIE
Mención de serie Encyclopédie scientifique
830 0# - PUNTO DE ACCESO ADICIONAL DE SERIE-TÍTULO UNIFORME
Título uniforme Encyclopédie scientifique
9 (RLIN) 180883
852 ## - LOCALIZACIÓN
Ubicación ES-MaACL
Número de control de estantería D-4415-16
Holdings
Estatus retirado Estado de pérdida Estado de daño No para préstamo Biblioteca de origen Biblioteca actual Ubicación en estantería Fecha de adquisición Fuente de adquisición Total de préstamos Signatura topográfica completa Código de barras Visto por última vez Precio de reemplazo Tipo de ítem Koha
        Biblioteca del Ateneo de Madrid Biblioteca del Ateneo de Madrid Sala Valle Inclán 17/01/2008     D-4415-16 901036666 23/02/2023 23/02/2023 Libro impreso